الشوقيات المجهولة: (رقم التسجيلة. 155253)

تفاصيل مارك
000 -LEADER
fixed length control field 01241namaa2200301 i 4500
003 - CONTROL NUMBER IDENTIFIER
control field EG-GiCUC
005 - DATE AND TIME OF LATEST TRANSACTION
control field 20260514122908.0
008 - FIXED-LENGTH DATA ELEMENTS--GENERAL INFORMATION
fixed length control field 190820s2003 ua jr 000 0 ara d
017 ## - COPYRIGHT OR LEGAL DEPOSIT NUMBER
Copyright or legal deposit number 2003 / 1976
Assigning agency دار الكتب و الوثاثق القومية (مصر)
020 ## - INTERNATIONAL STANDARD BOOK NUMBER
International Standard Book Number 977180258
040 ## - CATALOGING SOURCE
Original cataloging agency EG-GiCUC
Language of cataloging ara
Transcribing agency EG-GiCUC
082 04 - DEWEY DECIMAL CLASSIFICATION NUMBER
Edition number 21
Classification number 811.009
Item number S537s 2003
092 04 - LOCALLY ASSIGNED DEWEY CALL NUMBER (OCLC)
Classification number 811.009
Item number S537s 2003
Edition number 21
099 ## - LOCAL FREE-TEXT CALL NUMBER (OCLC)
Classification number 811.009 S537s 2003
100 1# - MAIN ENTRY--PERSONAL NAME
Personal name صبرى، محمد،
Dates associated with a name 1894-1978
245 12 - TITLE STATEMENT
Title الشوقيات المجهولة:
Remainder of title اثار شوقى التى لم يسبق كشفها او نشرها : دراسات و اضواء جديدة على حياه الشاعر و عصره و ادبه /
250 ## - EDITION STATEMENT
Edition statement الطبعة التانية
264 ## - PRODUCTION, PUBLICATION, DISTRIBUTION, MANUFACTURE, AND COPYRIGHT NOTICE
Place of production, publication, distribution, manufacture القاهرة :
Name of producer, publisher, distributor, manufacturer دار الكتب،
Date of production, publication, distribution, manufacture, or copyright notice 2003
300 ## - PHYSICAL DESCRIPTION
Extent 2 مج
Dimensions 30 سم
504 ## - BIBLIOGRAPHY, ETC. NOTE
Bibliography, etc. note يشتمل على ارجاعات ببليوجرافية
541 ## - IMMEDIATE SOURCE OF ACQUISITION NOTE
Method of acquisition اهداء ؛
Source of acquisition ا.د.على ابو المكارم ؛
Address القاهرة ؛
Date of acquisition 2019
600 10 - SUBJECT ADDED ENTRY--PERSONAL NAME
Personal name شوقى : احمد :
Dates associated with a name 1868-1932
650 #7 - SUBJECT ADDED ENTRY--TOPICAL TERM
Topical term or geographic name entry element الشعر العربى
General subdivision تاريخ و نقد
Source of heading or term qrmak
902 ## - LOCAL DATA ELEMENT B, LDB (RLIN)
a 1
905 ## - Cataloger and Reviser Names
Cataloger Name
Reviser Name
905 ## - Cataloger and Reviser Names
Cataloger Name
Reviser Name
942 ## - ADDED ENTRY ELEMENTS (KOHA)
Source of classification or shelving scheme Dewey Decimal Classification
Koha item type Books
المقتنيات
Withdrawn status Lost status Source of classification or shelving scheme Damaged status Not for loan Home library Current library Date acquired Inventory number Total checkouts Full call number Barcode Date last seen Copy number Price effective from Koha item type
    Dewey Decimal Classification     المكتبة المركزبة الجديدة - جامعة القاهرة قاعة المكتبات المهداة - الدور الرابع 11.02.2024 13471752   811.009 S537s 2003 v.1 A.M. 01000100160340001 23.06.2024 C.1 23.09.2023 Books
    Dewey Decimal Classification     المكتبة المركزبة الجديدة - جامعة القاهرة قاعة المكتبات المهداة - الدور الرابع 11.02.2024 1347179x   811.009 S537s 2003 v.2 A.M. 01000100160340002 23.06.2024 C.1 23.09.2023 Books
Cairo University Libraries Portal Implemented & Customized by: Eng. M. Mohamady Contacts: new-lib@cl.cu.edu.eg | cnul@cl.cu.edu.eg
CUCL logo CNUL logo
© All rights reserved — Cairo University Libraries
CUCL logo
Implemented & Customized by: Eng. M. Mohamady Contact: new-lib@cl.cu.edu.eg © All rights reserved — New Central Library
CNUL logo
Implemented & Customized by: Eng. M. Mohamady Contact: cnul@cl.cu.edu.eg © All rights reserved — Cairo National University Library